[Event "Deutsche Ländermeisterschaft 2023"]
[Site "Hannover GER"]
[Date "2023.10.03"]
[Round "5"]
[White "Gallasch, Jonas"]
[Black "Knüdel, Torben"]
[Result "1/2-1/2"]
[Termination "normal"]
[Board "2.2"]
[WhiteTitle "FM"]
[WhiteElo "2269"]
[BlackElo "2275"]
[WhiteClock "00:42:33"]
[BlackClock "00:51:36"]
[WhiteTeam "Nordrhein-Westfalen"]
[BlackTeam "Niedersachsen"]
[PlyCount "42"]
[WhiteFideId "16222474"]
[BlackFideId "16208820"]
[EventCountry "GER"]
[EventRounds "7"]
[EventType "team-swiss"]
[EventDate "2023.09.30"]

1. d4 {[%clk 01:30:57]} {[%emt 00:00:03]} Nf6 {[%clk 01:30:55]} {[%emt
00:00:05]} 2. c4 {[%clk 01:31:23]} {[%emt 00:00:05]} g6 {[%clk 01:31:22]}
{[%emt 00:00:03]} 3. Nf3 {[%clk 01:29:01]} {[%emt 00:02:51]} Bg7 {[%clk
01:31:46]} {[%emt 00:00:05]} 4. g3 {[%clk 01:29:24]} {[%emt 00:00:07]} O-O
{[%clk 01:32:03]} {[%emt 00:00:13]} 5. Bg2 {[%clk 01:29:51]} {[%emt 00:00:03]}
d6 {[%clk 01:32:29]} {[%emt 00:00:04]} 6. O-O {[%clk 01:30:16]} {[%emt
00:00:05]} c6 {[%clk 01:32:52]} {[%emt 00:00:08]} 7. Nc3 {[%clk 01:28:30]}
{[%emt 00:02:16]} Bf5 {[%clk 01:31:52]} {[%emt 00:01:30]} 8. b3 {[%clk
01:08:35]} {[%emt 00:20:26]} Ne4 {[%clk 01:29:52]} {[%emt 00:02:30]} 9. Bb2
{[%clk 01:07:59]} {[%emt 00:01:06]} Nxc3 {[%clk 01:28:54]} {[%emt 00:01:28]}
10. Bxc3 {[%clk 01:08:24]} {[%emt 00:00:04]} Be4 {[%clk 01:28:48]} {[%emt
00:00:36]} 11. Qd2 {[%clk 01:02:23]} {[%emt 00:06:31]} Nd7 {[%clk 01:24:00]}
{[%emt 00:05:18]} 12. Rfd1 {[%clk 00:56:50]} {[%emt 00:06:04]} d5 {[%clk
01:20:18]} {[%emt 00:04:13]} 13. cxd5 {[%clk 00:55:18]} {[%emt 00:02:02]} cxd5
{[%clk 01:18:12]} {[%emt 00:02:35]} 14. Rac1 {[%clk 00:54:55]} {[%emt
00:00:53]} Rc8 {[%clk 01:13:08]} {[%emt 00:05:34]} 15. Bb4 {[%clk 00:52:54]}
{[%emt 00:02:32]} Rxc1 {[%clk 01:12:34]} {[%emt 00:01:04]} 16. Rxc1 {[%clk
00:52:56]} {[%emt 00:00:28]} Nb8 {[%clk 01:12:25]} {[%emt 00:00:39]} 17. e3
{[%clk 00:48:44]} {[%emt 00:04:42]} Nc6 {[%clk 01:09:28]} {[%emt 00:03:26]} 18.
Bc5 {[%clk 00:44:45]} {[%emt 00:04:30]} Qd7 {[%clk 01:01:58]} {[%emt 00:08:00]}
19. Ne1 {[%clk 00:43:17]} {[%emt 00:01:58]} Bxg2 {[%clk 01:00:22]} {[%emt
00:02:07]} 20. Kxg2 {[%clk 00:43:30]} {[%emt 00:00:17]} Rc8 {[%clk 00:58:46]}
{[%emt 00:02:06]} 21. Ba3 {[%clk 00:42:33]} {[%emt 00:01:26]} e6 {[%clk
00:51:36]} {[%emt 00:07:40]} 1/2-1/2

[Event "Deutsche Ländermeisterschaft 2023"]
[Site "Hannover GER"]
[Date "2023.10.03"]
[Round "5"]
[White "von Mettenheim, Johannes"]
[Black "Spriestersbach, Kai"]
[Result "0-1"]
[Termination "normal"]
[Board "2.3"]
[WhiteElo "2323"]
[BlackElo "2158"]
[WhiteClock "00:10:08"]
[BlackClock "00:10:31"]
[WhiteTeam "Niedersachsen"]
[BlackTeam "Nordrhein-Westfalen"]
[PlyCount "130"]
[WhiteFideId "16244818"]
[BlackFideId "16269985"]
[EventCountry "GER"]
[EventRounds "7"]
[EventType "team-swiss"]
[EventDate "2023.09.30"]

1. d4 {[%clk 01:30:57]} {[%emt 00:00:02]} Nf6 {[%clk 01:30:56]} {[%emt
00:00:05]} 2. c4 {[%clk 01:31:20]} {[%emt 00:00:08]} g6 {[%clk 01:31:21]}
{[%emt 00:00:04]} 3. Nc3 {[%clk 01:31:46]} {[%emt 00:00:04]} Bg7 {[%clk
01:31:48]} {[%emt 00:00:04]} 4. e4 {[%clk 01:32:09]} {[%emt 00:00:07]} d6
{[%clk 01:32:13]} {[%emt 00:00:05]} 5. h3 {[%clk 01:30:27]} {[%emt 00:02:12]}
O-O {[%clk 01:31:59]} {[%emt 00:00:44]} 6. Be3 {[%clk 01:30:50]} {[%emt
00:00:06]} e5 {[%clk 01:31:58]} {[%emt 00:00:31]} 7. d5 {[%clk 01:30:26]}
{[%emt 00:00:54]} Na6 {[%clk 01:32:06]} {[%emt 00:00:22]} 8. g4 {[%clk
01:30:11]} {[%emt 00:00:44]} Nc5 {[%clk 01:32:19]} {[%emt 00:00:17]} 9. f3
{[%clk 01:30:36]} {[%emt 00:00:05]} a5 {[%clk 01:32:33]} {[%emt 00:00:15]} 10.
h4 {[%clk 01:30:55]} {[%emt 00:00:12]} h5 {[%clk 01:27:21]} {[%emt 00:05:42]}
11. g5 {[%clk 01:31:20]} {[%emt 00:00:05]} Ne8 {[%clk 01:26:04]} {[%emt
00:01:46]} 12. Qd2 {[%clk 01:29:33]} {[%emt 00:02:17]} Bd7 {[%clk 01:12:48]}
{[%emt 00:13:46]} 13. Nh3 {[%clk 01:27:08]} {[%emt 00:02:55]} c6 {[%clk
01:07:19]} {[%emt 00:05:59]} 14. Kf2 {[%clk 01:27:15]} {[%emt 00:00:22]} f5
{[%clk 00:57:00]} {[%emt 00:10:50]} 15. gxf6 {[%clk 01:08:26]} {[%emt
00:19:19]} Nxf6 {[%clk 00:54:55]} {[%emt 00:02:35]} 16. Kg3 {[%clk 01:08:18]}
{[%emt 00:00:38]} Rc8 {[%clk 00:44:54]} {[%emt 00:10:31]} 17. Be2 {[%clk
01:02:49]} {[%emt 00:05:59]} cxd5 {[%clk 00:43:27]} {[%emt 00:01:57]} 18. cxd5
{[%clk 01:02:41]} {[%emt 00:00:38]} b5 {[%clk 00:40:32]} {[%emt 00:03:25]} 19.
Ng5 {[%clk 01:02:01]} {[%emt 00:01:11]} Qe8 {[%clk 00:37:50]} {[%emt 00:03:12]}
20. Nd1 {[%clk 01:00:27]} {[%emt 00:02:04]} Qe7 {[%clk 00:29:58]} {[%emt
00:08:22]} 21. Nf2 {[%emt 00:09:26]} b4 {[%clk 00:21:50]} {[%emt 00:06:37]} 22.
Nd3 {[%clk 00:51:59]} {[%emt 00:02:02]} Nxd3 {[%clk 00:21:02]} {[%emt
00:01:18]} 23. Bxd3 {[%clk 00:52:14]} {[%emt 00:00:15]} Nh7 {[%clk 00:20:51]}
{[%emt 00:00:42]} 24. Kg2 {[%clk 00:51:44]} {[%emt 00:01:01]} Nxg5 {[%clk
00:18:45]} {[%emt 00:02:36]} 25. hxg5 {[%clk 00:51:42]} {[%emt 00:00:32]} Rf4
{[%clk 00:17:23]} {[%emt 00:01:52]} 26. Bxf4 {[%clk 00:51:55]} {[%emt
00:00:16]} exf4 {[%clk 00:17:48]} {[%emt 00:00:05]} 27. Qxf4 {[%clk 00:51:17]}
{[%emt 00:01:08]} Bxb2 {[%clk 00:17:39]} {[%emt 00:00:38]} 28. Raf1 {[%clk
00:51:10]} {[%emt 00:00:37]} Rc3 {[%clk 00:07:54]} {[%emt 00:10:15]} 29. Rf2
{[%clk 00:42:19]} {[%emt 00:09:21]} Ba3 {[%clk 00:07:34]} {[%emt 00:00:50]} 30.
Bb1 {[%clk 00:41:49]} {[%emt 00:01:00]} b3 {[%clk 00:06:34]} {[%emt 00:01:31]}
31. axb3 {[%clk 00:37:26]} {[%emt 00:04:53]} Rxb3 {[%clk 00:06:21]} {[%emt
00:00:43]} 32. Ba2 {[%clk 00:33:13]} {[%emt 00:04:44]} Rb8 {[%clk 00:04:35]}
{[%emt 00:02:16]} 33. Re1 {[%clk 00:24:11]} {[%emt 00:09:32]} Rf8 {[%clk
00:04:15]} {[%emt 00:00:49]} 34. Qg3 {[%clk 00:24:35]} {[%emt 00:00:06]} Bc5
{[%clk 00:04:40]} {[%emt 00:00:04]} 35. Rc2 {[%clk 00:22:52]} {[%emt 00:02:13]}
Bb4 {[%clk 00:01:01]} {[%emt 00:04:09]} 36. Re3 {[%clk 00:22:47]} {[%emt
00:00:35]} Qh7 {[%clk 00:01:05]} {[%emt 00:00:26]} 37. Qh4 {[%clk 00:20:41]}
{[%emt 00:02:36]} Qg7 {[%clk 00:01:20]} {[%emt 00:00:16]} 38. f4 {[%clk
00:05:53]} {[%emt 00:15:18]} Qd4 {[%clk 00:01:37]} {[%emt 00:00:13]} 39. Ree2
{[%clk 00:06:18]} {[%emt 00:00:05]} Bc5 {[%clk 00:01:45]} {[%emt 00:00:22]} 40.
Rxc5 {[%clk 00:01:52]} {[%emt 00:04:56]} Qxc5 {[%clk 00:01:42]} {[%emt
00:00:32]} 41. f5 {[%clk 00:22:29]} {[%emt 00:09:54]} Qd4 {[%clk 00:26:14]}
{[%emt 00:05:58]} 42. Qf4 {[%clk 00:20:24]} {[%emt 00:02:35]} Rxf5 {[%clk
00:24:29]} {[%emt 00:02:15]} 43. Qc1 {[%clk 00:18:05]} {[%emt 00:02:49]} Qe5
{[%clk 00:23:23]} {[%emt 00:01:36]} 44. Kh1 {[%clk 00:15:56]} {[%emt 00:02:39]}
Rxg5 {[%clk 00:23:13]} {[%emt 00:00:40]} 45. Qe1 {[%clk 00:13:31]} {[%emt
00:02:53]} Qf4 {[%clk 00:18:53]} {[%emt 00:04:51]} 46. Qf2 {[%clk 00:11:37]}
{[%emt 00:02:25]} Qxf2 {[%clk 00:18:07]} {[%emt 00:01:16]} 47. Rxf2 {[%clk
00:12:06]} {[%emt 00:00:02]} Kg7 {[%clk 00:18:30]} {[%emt 00:00:07]} 48. Rb2
{[%clk 00:12:26]} {[%emt 00:00:10]} Kf6 {[%clk 00:17:26]} {[%emt 00:01:34]} 49.
Bb1 {[%clk 00:12:14]} {[%emt 00:00:42]} Bg4 {[%clk 00:15:53]} {[%emt 00:02:03]}
50. Kg2 {[%clk 00:12:05]} {[%emt 00:00:40]} h4 {[%clk 00:14:56]} {[%emt
00:01:27]} 51. Kf2 {[%clk 00:11:39]} {[%emt 00:00:56]} Bh5 {[%clk 00:11:08]}
{[%emt 00:04:17]} 52. Bd3 {[%clk 00:10:02]} {[%emt 00:02:07]} Rg3 {[%clk
00:09:54]} {[%emt 00:01:44]} 53. Bf1 {[%clk 00:10:26]} {[%emt 00:00:06]} a4
{[%clk 00:09:06]} {[%emt 00:01:18]} 54. Rb4 {[%clk 00:10:18]} {[%emt 00:00:38]}
a3 {[%clk 00:08:29]} {[%emt 00:01:07]} 55. e5+ Kxe5 {[%clk 00:08:49]} 56. Rxh4
{[%clk 00:10:32]} {[%emt 00:00:05]} Rf3+ {[%clk 00:08:54]} {[%emt 00:00:26]}
57. Kg1 {[%clk 00:09:18]} {[%emt 00:01:44]} Rf4 {[%clk 00:09:18]} {[%emt
00:00:06]} 58. Rh2 {[%clk 00:08:58]} {[%emt 00:00:50]} Ra4 {[%clk 00:09:41]}
{[%emt 00:00:06]} 59. Ra2 {[%clk 00:09:24]} {[%emt 00:00:05]} Bf3 {[%clk
00:10:03]} {[%emt 00:00:08]} 60. Bb5 {[%clk 00:09:15]} {[%emt 00:00:40]} Ra5
{[%clk 00:09:55]} {[%emt 00:00:38]} 61. Bd3 {[%clk 00:09:13]} {[%emt 00:00:32]}
Bxd5 {[%clk 00:09:40]} {[%emt 00:00:46]} 62. Ra1 {[%clk 00:09:29]} {[%emt
00:00:14]} g5 {[%clk 00:09:43]} {[%emt 00:00:26]} 63. Kf2 {[%clk 00:09:53]}
{[%emt 00:00:06]} a2 {[%clk 00:09:57]} {[%emt 00:00:16]} 64. Ke3 {[%clk
00:10:00]} {[%emt 00:00:23]} g4 {[%clk 00:10:10]} {[%emt 00:00:17]} 65. Kf2
{[%clk 00:10:08]} {[%emt 00:00:22]} Kd4 {[%clk 00:10:31]} {[%emt 00:00:09]} 0-1

[Event "Deutsche Ländermeisterschaft 2023"]
[Site "Hannover GER"]
[Date "2023.10.03"]
[Round "5"]
[White "Möller, Maurin"]
[Black "Nechitaylo, Nikita"]
[Result "1-0"]
[Termination "normal"]
[Board "2.4"]
[WhiteElo "2132"]
[BlackElo "2139"]
[WhiteClock "00:11:39"]
[BlackClock "00:17:21"]
[WhiteTeam "Nordrhein-Westfalen"]
[BlackTeam "Niedersachsen"]
[PlyCount "119"]
[WhiteFideId "16265696"]
[BlackFideId "34138161"]
[EventCountry "GER"]
[EventRounds "7"]
[EventType "team-swiss"]
[EventDate "2023.09.30"]

1. e4 {[%clk 01:30:57]} {[%emt 00:00:02]} c5 {[%clk 01:30:54]} {[%emt
00:00:07]} 2. Nf3 {[%clk 01:31:20]} {[%emt 00:00:06]} d6 {[%clk 01:31:18]}
{[%emt 00:00:06]} 3. d4 {[%clk 01:31:44]} {[%emt 00:00:06]} cxd4 {[%clk
01:31:41]} {[%emt 00:00:07]} 4. Nxd4 {[%clk 01:32:08]} {[%emt 00:00:05]} Nf6
{[%clk 01:32:06]} {[%emt 00:00:05]} 5. Nc3 {[%clk 01:32:31]} {[%emt 00:00:07]}
Nc6 {[%clk 01:32:27]} {[%emt 00:00:09]} 6. Bg5 {[%clk 01:32:51]} {[%emt
00:00:10]} e6 {[%clk 01:32:22]} {[%emt 00:00:35]} 7. Qd2 {[%clk 01:33:13]}
{[%emt 00:00:07]} a6 {[%clk 01:32:46]} {[%emt 00:00:06]} 8. f4 {[%clk
01:33:28]} {[%emt 00:00:15]} h6 {[%clk 01:32:58]} {[%emt 00:00:18]} 9. Bh4
{[%clk 01:31:07]} {[%emt 00:02:51]} Nxe4 {[%clk 01:32:07]} {[%emt 00:01:21]}
10. Nxe4 {[%clk 01:18:23]} {[%emt 00:13:14]} Qxh4+ {[%clk 01:32:30]} {[%emt
00:00:07]} 11. g3 {[%clk 01:18:36]} {[%emt 00:00:16]} Qd8 {[%clk 01:32:38]}
{[%emt 00:00:21]} 12. O-O-O {[%clk 01:18:52]} {[%emt 00:00:15]} d5 {[%clk
01:32:20]} {[%emt 00:00:49]} 13. Nc3 {[%clk 01:19:03]} {[%emt 00:00:19]} Be7
{[%clk 01:29:48]} {[%emt 00:03:02]} 14. Bg2 {[%clk 01:15:32]} {[%emt 00:04:01]}
Bf6 {[%clk 01:29:17]} {[%emt 00:01:01]} 15. Nb3 {[%clk 01:14:56]} {[%emt
00:01:06]} Bd7 {[%clk 01:24:27]} {[%emt 00:05:20]} 16. Rhe1 {[%clk 01:11:30]}
{[%emt 00:03:56]} O-O {[%clk 01:23:44]} {[%emt 00:01:13]} 17. Kb1 {[%clk
01:11:49]} {[%emt 00:00:11]} b5 {[%clk 01:20:47]} {[%emt 00:03:27]} 18. f5
{[%clk 01:03:18]} {[%emt 00:09:00]} Kh8 {[%clk 01:17:03]} {[%emt 00:04:14]} 19.
fxe6 {[%clk 00:48:46]} {[%emt 00:15:03]} fxe6 {[%clk 01:17:08]} {[%emt
00:00:25]} 20. Ne4 {[%clk 00:48:52]} {[%emt 00:00:23]} Ne5 {[%clk 01:13:19]}
{[%emt 00:04:19]} 21. Nxf6 {[%clk 00:47:58]} {[%emt 00:01:24]} Qxf6 {[%clk
01:13:31]} {[%emt 00:00:18]} 22. Nc5 {[%clk 00:47:32]} {[%emt 00:00:56]} Nc4
{[%clk 01:03:36]} {[%emt 00:10:25]} 23. Qd4 {[%clk 00:42:29]} {[%emt 00:05:34]}
Rad8 {[%clk 01:00:11]} {[%emt 00:03:54]} 24. b3 {[%clk 00:34:49]} {[%emt
00:08:10]} e5 {[%clk 00:33:15]} {[%emt 00:27:26]} 25. Nxd7 {[%clk 00:33:07]}
{[%emt 00:02:13]} Rxd7 {[%clk 00:26:53]} {[%emt 00:06:52]} 26. Qc5 {[%clk
00:33:17]} {[%emt 00:00:19]} Qf2 {[%clk 00:26:36]} {[%emt 00:00:47]} 27. Qxf2
{[%clk 00:33:00]} {[%emt 00:00:47]} Na3+ {[%clk 00:27:01]} {[%emt 00:00:06]}
28. Kb2 {[%clk 00:33:22]} {[%emt 00:00:08]} Rxf2 {[%clk 00:27:22]} {[%emt
00:00:09]} 29. Kxa3 {[%clk 00:25:40]} {[%emt 00:08:12]} Rxg2 {[%clk 00:27:27]}
{[%emt 00:00:25]} 30. c4 {[%clk 00:25:34]} {[%emt 00:00:36]} bxc4 {[%clk
00:22:41]} {[%emt 00:05:16]} 31. bxc4 {[%clk 00:25:56]} {[%emt 00:00:08]} Rxh2
{[%clk 00:21:53]} {[%emt 00:01:18]} 32. cxd5 {[%clk 00:25:53]} {[%emt
00:00:33]} Rh3 {[%clk 00:21:42]} {[%emt 00:00:40]} 33. Rd3 {[%clk 00:25:16]}
{[%emt 00:01:08]} Rh5 {[%clk 00:21:59]} {[%emt 00:00:12]} 34. Re4 {[%clk
00:25:35]} {[%emt 00:00:12]} Kg8 {[%clk 00:16:56]} {[%emt 00:05:32]} 35. Kb4
{[%clk 00:24:33]} {[%emt 00:01:33]} Kf7 {[%clk 00:10:09]} {[%emt 00:07:16]} 36.
Kc5 {[%clk 00:24:42]} {[%emt 00:00:22]} Rh2 {[%clk 00:06:54]} {[%emt 00:03:45]}
37. Kc6 {[%clk 00:18:36]} {[%emt 00:06:36]} Ke7 {[%clk 00:03:27]} {[%emt
00:03:56]} 38. d6+ {[%clk 00:18:55]} {[%emt 00:00:11]} Kd8 {[%clk 00:03:50]}
{[%emt 00:00:07]} 39. Rb4 {[%clk 00:18:40]} {[%emt 00:00:46]} Rc2+ {[%clk
00:02:35]} {[%emt 00:01:44]} 40. Kd5 {[%clk 00:19:06]} {[%emt 00:00:04]} g5
{[%clk 00:00:41]} {[%emt 00:02:24]} 41. Ke6 {[%clk 00:18:46]} {[%emt 00:00:50]}
Rg7 {[%clk 00:28:28]} {[%emt 00:02:43]} 42. Rb8+ {[%clk 00:45:41]} {[%emt
00:03:35]} Rc8 {[%clk 00:28:50]} {[%emt 00:00:07]} 43. Rxc8+ {[%clk 00:45:48]}
{[%emt 00:00:24]} Kxc8 {[%clk 00:29:13]} {[%emt 00:00:06]} 44. Rf3 {[%clk
00:45:30]} {[%emt 00:00:49]} Rg6+ {[%clk 00:28:21]} {[%emt 00:01:22]} 45. Kxe5
{[%clk 00:43:28]} {[%emt 00:02:32]} h5 {[%clk 00:25:31]} {[%emt 00:03:20]} 46.
Kd5 {[%clk 00:08:42]} {[%emt 00:35:17]} h4 {[%clk 00:24:21]} {[%emt 00:01:40]}
47. Kc6 {[%clk 00:09:04]} {[%emt 00:00:07]} Rg8 {[%clk 00:21:59]} {[%emt
00:02:52]} 48. gxh4 {[%clk 00:09:10]} {[%emt 00:00:25]} gxh4 {[%clk 00:22:21]}
{[%emt 00:00:08]} 49. Rb3 {[%clk 00:09:15]} {[%emt 00:00:24]} Rg6 {[%clk
00:20:25]} {[%emt 00:02:26]} 50. Rf3 {[%clk 00:09:35]} {[%emt 00:00:10]} Rg8
{[%clk 00:19:26]} {[%emt 00:01:30]} 51. Rf7 {[%clk 00:08:38]} {[%emt 00:01:27]}
Rh8 {[%clk 00:17:24]} {[%emt 00:02:32]} 52. Ra7 {[%clk 00:08:58]} {[%emt
00:00:10]} Kb8 {[%clk 00:17:32]} {[%emt 00:00:22]} 53. Rb7+ {[%clk 00:09:23]}
{[%emt 00:00:05]} Ka8 {[%clk 00:17:56]} {[%emt 00:00:06]} 54. Rb1 {[%clk
00:09:42]} {[%emt 00:00:11]} h3 {[%clk 00:16:29]} {[%emt 00:01:56]} 55. d7
{[%clk 00:10:01]} {[%emt 00:00:10]} h2 {[%clk 00:16:38]} {[%emt 00:00:22]} 56.
Rh1 {[%clk 00:10:11]} {[%emt 00:00:20]} Kb8 {[%clk 00:16:33]} {[%emt 00:00:35]}
57. Rxh2 {[%clk 00:10:30]} {[%emt 00:00:11]} Rg8 {[%clk 00:16:42]} {[%emt
00:00:20]} 58. Rb2+ {[%clk 00:10:54]} {[%emt 00:00:05]} Ka8 {[%clk 00:17:02]}
{[%emt 00:00:11]} 59. Kc7 {[%clk 00:11:15]} {[%emt 00:00:10]} Rg7 {[%clk
00:17:21]} {[%emt 00:00:11]} 60. Kc8 {[%clk 00:11:39]} {[%emt 00:00:05]} 1-0